000 00372nam a2200121 4500
999 _c514341
_d514341
082 _aA45:Y26 EMC/2018-19
100 _aKerala.Energy Management Centre
_99311
245 _aAnnual report, 2018-19
260 _aThiruvanathapuram
_bThe author
300 _a111p
650 _aEnergy conservation -- Kerala -- India
_99733
650 _aEnergy resources -- Kerala -- India
_99734